| 000 | 00591nam a2200217Ii 4500 | ||
|---|---|---|---|
| 003 | JO-AjNU | ||
| 008 | 230606s9999||||xx |||||||||||||| ||und|| | ||
| 020 | _a978-1-138-74538-4 | ||
| 040 |
_aJO-AjNU _beng _erda _cJO-AjNU |
||
| 041 | _aeng | ||
| 050 | 1 | 4 | _aD20.2019 |
| 100 | 3 |
_aMuller, Leos, _eauthor _96166 |
|
| 245 | 0 | 0 | _aNEUTRALITY IN WORLD HISTORY |
| 250 | _a1ed | ||
| 264 | 3 | 1 | _aNew York and London:Routledge,2019 |
| 300 | _a177p | ||
| 336 |
_atext _btxt _2rdacontent |
||
| 337 |
_aunmediated _bn _2rdamedia |
||
| 338 |
_avolume _bnc _2rdacarrier |
||
| 650 | 4 |
_a WORLD HISTORY _96167 |
|
| 999 |
_aE3200 _c3196 _d3196 |
||